000 00432nam a2200181Ia 4500
001 24472
005 20260414151045.0
008 260414t2009||||xx |||||||||||||| ||spa||
041 _aESP
082 _a345.7
_bZ93
100 _aZumaeta Muñoz, Pedro
_eAUT
245 0 _aTemas de derecho procesal civil
_b
260 _c2009
300 _a438 páginas :
_c24 cm.
650 _aDER
654 _aCDE
942 _cLIB
_dJUS
_fJUS
_2ddc
_n
999 _c24472
_d24472